000 00504nam a2200181Ia 4500
005 20250326142713.0
008 250326s9999 xx 000 0 und d
037 _aTextbook
040 _aFMSL
_beng
_cFMSL
041 _aeng
_2eng
084 _aX9V L7
_qFMSL
100 _aMariwalla K D
_9746459
245 0 _aConsultancy services in the public sector
_cMariwalla K D
260 _aNew Delhi
_bNew Delhi, Scope
_c1977
300 _a56p
942 _cTB
_hX9V L7
999 _c1296262
_d1296262